| 000 | 00384 a2200145 4500 | ||
|---|---|---|---|
| 001 | 61393 | ||
| 020 | _a8586116289 | ||
| 040 | _cAnchieta - Pituba | ||
| 240 | 1 | 0 |
_aGrandes acontecimentos que transformaram o mundo _lpor |
| 245 | 1 | 0 | _aGrandes acontecimentos que transformaram o mundo |
| 300 | _a448 | ||
| 362 | 0 | _a2000 | |
| 650 | 4 | _aHistória do mundo antigo até 499 AC. | |
| 942 | _cBK | ||
| 999 |
_c61393 _d61393 |
||